Los nuevos bronces de Osuna / (Record no. 163764)

MARC details
000 -LEADER
campo de control de longitud fija 00842nam a2200217 i 4500
001 - NÚMERO DE CONTROL
campo de control 163764
003 - IDENTIFICADOR DE NÚMERO DE CONTROL
campo de control ES-MaACL
005 - FECHA Y HORA DE LA ÚLTIMA TRANSACCIÓN
campo de control 20250713063724.0
008 - DATOS DE LONGITUD FIJA--INFORMACIÓN GENERAL
campo de control de longitud fija 940301s1876 sp a |||| | spa d
040 ## - FUENTE DE CATALOGACIÓN
Centro catalogador/agencia de origen AS
Lengua de catalogación spa
100 1# - ENTRADA PRINCIPAL--NOMBRE DE PERSONA
Nombre de persona Rodríguez de Berlanga, Manuel,
Fechas asociadas al nombre 1825-1909
9 (RLIN) 98441
245 14 - MENCIÓN DEL TÍTULO
Título Los nuevos bronces de Osuna /
Mención de responsabilidad, etc. que publica Manuel Rodríguez de Berlanga.
260 ## - PUBLICACIÓN, DISTRIBUCIÓN, ETC.
Lugar de publicación, distribución, etc. Málaga :
Nombre del editor, distribuidor, etc. [s.n.],
Fecha de publicación, distribución, etc. 1876 (
Fabricante Imp. que fue de José Martínez de Aguilar, hoy de Ambrosio Rubio)
300 ## - DESCRIPCIÓN FÍSICA
Extensión IX, 156 p., [2] h. pleg., [1] h. de lam. pleg. ;
Dimensiones 27 cm.
597 ## - NOTA DE DESCRIPCIÓN FÍSICA
NOTA DE DESCRIPCIÓN FÍSICA Signaturizado.
597 ## - NOTA DE DESCRIPCIÓN FÍSICA
NOTA DE DESCRIPCIÓN FÍSICA Antep.
650 #4 - PUNTO DE ACCESO ADICIONAL DE MATERIA--TÉRMINO DE MATERIA
Término de materia o nombre geográfico como elemento de entrada Inscripciones latinas-
Subdivisión geográfica Osuna.
9 (RLIN) 152282
651 #4 - PUNTO DE ACCESO ADICIONAL DE MATERIA--NOMBRE GEOGRÁFICO
Nombre geográfico Osuna-
Subdivisión general Restos arqueológicos romanos.
9 (RLIN) 152283
852 ## - LOCALIZACIÓN
Ubicación ES-MaACL
Número de control de estantería T-249-F-1
Nota libre -- Enc. hol.
-- -- Enc. en un vol. facticio
Holdings
Estatus retirado Estado de pérdida Estado de daño No para préstamo Colección Biblioteca de origen Biblioteca actual Ubicación en estantería Fecha de adquisición Total de préstamos Signatura topográfica completa Código de barras Visto por última vez Precio de reemplazo Tipo de ítem Koha
        Colección de folletos Biblioteca del Ateneo de Madrid Biblioteca del Ateneo de Madrid Depósito folletos 17/01/2008   T-249-F-1 1171621 23/02/2023 23/02/2023 Folleto